Sports Quiz

Random Sports or NBA Quiz

NBA Finals Coaches Quiz Stats

Quiz Updated May 26, 2017

Challenge
Share
Tweet
Embed
Score 0/142 Timer 15:00
10 Plays Today
% Correct
Steve Kerr
96.2%
Steve Kerr
96.2%
Steve Kerr
95.6%
Phil Jackson
94.3%
Phil Jackson
94.3%
Phil Jackson
94.3%
Phil Jackson
94.3%
Phil Jackson
94.3%
Phil Jackson
94.3%
Phil Jackson
94.3%
Phil Jackson
94.3%
Phil Jackson
94.3%
Phil Jackson
94.3%
Phil Jackson
94.3%
Phil Jackson
94.3%
Phil Jackson
94.3%
Gregg Popovich
90.5%
Gregg Popovich
90.5%
Gregg Popovich
90.5%
Gregg Popovich
90.5%
Gregg Popovich
90.5%
Gregg Popovich
90.5%
Tyronn Lue
85.3%
Tyronn Lue
85.3%
Pat Riley
82.5%
Pat Riley
82.5%
Pat Riley
82.5%
Pat Riley
82.5%
Pat Riley
82.5%
Pat Riley
82.5%
Pat Riley
82.5%
Pat Riley
82.5%
Pat Riley
82.5%
Doc Rivers
78.7%
Doc Rivers
78.7%
Erik Spoelstra
77.8%
Erik Spoelstra
77.8%
Erik Spoelstra
77.8%
Erik Spoelstra
77.8%
Larry Brown
74.8%
Larry Brown
74.8%
Larry Brown
74.8%
Mike Brown
74.6%
Red Auerbach
70.6%
Red Auerbach
70.6%
Red Auerbach
70.6%
Red Auerbach
70.6%
Red Auerbach
70.6%
% Correct
Red Auerbach
70.6%
Red Auerbach
70.6%
Red Auerbach
70.6%
Red Auerbach
70.6%
Red Auerbach
70.6%
Red Auerbach
70.6%
Stan Van Gundy
70.5%
David Blatt
70.3%
Jeff Van Gundy
70.2%
Rick Carlisle
64.2%
Scott Brooks
60.9%
Jerry Sloan
59.6%
Jerry Sloan
59.6%
Larry Bird
56%
Avery Johnson
55.5%
Chuck Daly
54.4%
Chuck Daly
54.4%
Chuck Daly
54.4%
KC Jones
51.6%
KC Jones
51.6%
KC Jones
51.6%
KC Jones
51.6%
KC Jones
51.6%
Rudy Tomjanovich
51.4%
Rudy Tomjanovich
51.4%
Bill Russell
48.5%
Bill Russell
48.5%
Byron Scott
40%
Byron Scott
40%
George Karl
39.7%
Lenny Wilkens
32.2%
Lenny Wilkens
32.2%
Paul Westphal
27.9%
Rick Adelman
25.6%
Rick Adelman
25.6%
Billy Cunningham
23.2%
Billy Cunningham
23.2%
Billy Cunningham
23.2%
Brian Hill
23.2%
Jack Ramsay
22.5%
Red Holzman
22%
Red Holzman
22%
Red Holzman
22%
Tommy Heinsohn
21.6%
Tommy Heinsohn
21.6%
Bill Fitch
20.8%
Bill Fitch
20.8%
Paul Westhead
20.7%
% Correct
Mike Dunleavy Sr.
19.2%
Bill Sharman
18.6%
Bill Sharman
18.6%
Bill Sharman
18.6%
Del Harris
12.8%
Al Attles
12.4%
Dick Motta
11.4%
Dick Motta
11.4%
Gene Shue
9%
Gene Shue
9%
John Kundla
8%
John Kundla
8%
John Kundla
8%
John Kundla
8%
John Kundla
8%
John Kundla
8%
Larry Costello
7.5%
Larry Costello
7.5%
Alex Hannum
7.2%
Alex Hannum
7.2%
Alex Hannum
7.2%
Alex Hannum
7.1%
Butch van Breda Kolff
5.6%
Butch van Breda Kolff
5.6%
John MacLeod
4.5%
Edward Gottlieb
4%
Edward Gottlieb
4%
Fred Schaus
3.9%
Fred Schaus
3.9%
Fred Schaus
3.9%
Fred Schaus
3.9%
Les Harrison
3.8%
Al Cervi
3.4%
Al Cervi
3.4%
Al Cervi
3.4%
Ed Macauley
3.1%
Joe Lapchick
3%
Joe Lapchick
3%
Joe Lapchick
3%
Joe Mullaney
2.8%
Buddy Jeannette
2.7%
George Senesky
2.6%
Paul Seymour
2.1%
Harold Olsen
2.1%
Charles Eckman
1.8%
Charles Eckman
1.8%

You're not logged in!

Compare scores with friends on all Sporcle quizzes.
Sign Up with Email
OR
Log In

You Might Also Like...

Show Comments

Extras

Top Quizzes Today


Score Distribution

Your Account Isn't Verified!

In order to create a playlist on Sporcle, you need to verify the email address you used during registration. Go to your Sporcle Settings to finish the process.